Annual report on the state of higher education for... (prepared in compliance with Section 102 Clause 2 c) of the Act No. 131/2002 of Law Code)

Bibliographic Details
Corporate Author: Slovensko. Ministerstvo školstva
Format: Serial
Language:English
PhysicalDescription:zv. tab. 28-30 cm
Published: Bratislava Ministry of Education of the Slovak Republic
ISBN:8070984295 (brož. : r. 2004)
8070984376 (brož. : r. 2005)
Subjects:

MARC

LEADER 00000nas a2200000 a 4500
001 vtls008933114
003 SK-MaSNL
005 20260425194308.0
008 070108c200u9999xo ar 0 b0eng
015 |a SNBB2008/01-00296 (r. 2004)  |a SNBB2008/01-00297(r. 2005) 
020 |a 8070984295 (brož. : r. 2004) 
020 |a 8070984376 (brož. : r. 2005) 
040 |a SNK  |b slo  |c SNK  |e AACR2 
041 0 |a eng 
043 |a e-xo--- 
044 |a xo  |c SK 
072 7 |a 378  |x Vysoké školy 
080 |a 378  |2 2001 
080 |a (437.6)  |2 2001 
080 |a (047.1)  |2 2001 
080 |a (048.8:083.41)  |2 2001 
110 1 |a Slovensko.  |b Ministerstvo školstva 
245 1 0 |a Annual report on the state of higher education for...  |b (prepared in compliance with Section 102 Clause 2 c) of the Act No. 131/2002 of Law Code)  |c Ministry of Education of the Slovak Republic 
260 |a Bratislava  |b Ministry of Education of the Slovak Republic 
300 |a zv.  |b tab.  |c 28-30 cm 
310 |a 1x ročne 
500 |a Od r. 2005 je výška 30 cm 
500 |a Vychádza aj v slovenčine 
500 |a Popis podľa: R. 2004 (vydané v r. 2005) 
500 |a Súčasťou názvu je označenie bežného roku 
650 0 7 |a vysoké školy  |2 SNKPH  |9 1277 
651 7 |a Slovensko  |2 SNKPH  |9 14231 
655 7 |a výročné správy  |2 SNKPH  |9 70580 
655 7 |a štatistické prehľady  |2 SNKPH  |9 70689 
910 |a snk 
919 |a 80-7098-429-5 
919 |a 80-7098-437-6 
999 |c 9863  |d 11793 
952 |a SNK  |b SNK  |y PREZ  |7 0  |p 17A0524685  |o snkČSB 5514/2005 D1  |i snk2007/388  |8 0  |0 0  |1 0  |4 0  |d 2007-01-08  |l 0  |r 2026-02-21 20:14:12  |w 2026-02-21 
952 |a SNK  |b SNK  |y PREZ  |7 0  |p 17A0524683  |o snkČSB 5514/2004  |i snk2007/385  |8 0  |0 0  |1 0  |4 0  |d 2007-01-08  |l 0  |r 2026-02-21 20:14:13  |w 2026-02-21 
952 |a SNK  |b SNK  |y PREZ  |7 0  |p 17A0524682  |o snkČSB 5514/2004 D1  |i snk2007/386  |8 0  |0 0  |1 0  |4 0  |d 2007-01-08  |l 0  |r 2026-02-21 20:14:13  |w 2026-02-21 
952 |a SNK  |b SNK  |y PREZ  |7 0  |p 17A0524684  |o snkČSB 5514/2005  |i snk2007/387  |8 0  |0 0  |1 0  |4 0  |d 2007-01-08  |l 0  |r 2026-02-21 20:14:14  |w 2026-02-21